00722nam a2200193 a 45000010005000000030005000050050017000100080041000270200018000680400020000861000020001062450066001262600091001923000018002834900028003015000110003296500044004396500045004832536CDMR20240912163012.0130130s2007||||||||||||||||||||||||||||d a9788493343484 aCDMRbcatcCDMR1 aAltés, Elvira14aLes periodistes del temps de la Repúblicac/ Elvira Altés aBarcelona : bCol·legi de Periodistes de Catalunya : Diputació de Barcelona, c2007 a160 pàgines0 aVaixells de Paperv; 32 aInclou informació sobre María Luz Morales, Irene Polo, Anna Maria Martínez Sagi, Anna Murià, etc.04aDones periodisteszCatalunyay1931-193904aPremsazCatalunyaxHistòriay1931-1939